000 00351nam a2200157Ia 4500
100 _aSteinberg/ R.
650 _aGeneral
942 _cRB
654 _aMan and the organization
245 _aMan and the organization
260 _bTime-life international
_aSpain
_c1976
082 _a150
_bTim
300 _a176
546 _aENGLISH
999 _c19660
_d19660